[Event "GRE-ch U16"]
[Site "Peristeri"]
[Date "2023.07.09"]
[Round "9"]
[White "Papaoulakis, Isidoros"]
[Black "Bantekas, Achilleas"]
[Result "1-0"]
[WhiteElo "1872"]
[BlackElo "1632"]
[PlyCount "51"]
[EventDate "2023.07.03"]
[EventType "swiss"]
[EventRounds "9"]
[EventCountry "GRE"]
[SourceTitle "EXT 2024"]
[Source "ChessBase"]
[SourceDate "2023.10.10"]
[SourceVersion "1"]
[SourceVersionDate "2023.10.10"]
[SourceQuality "1"]

1. d4 e6 2. c4 f5 3. Nf3 Nf6 4. g3 d5 5. Bg2 Bd6 6. 0-0 Ne4 7. b3 c6 8. Ba3 0-0 9. Bxd6 Qxd6 10. Qc2 Nd7 11. Nbd2 Ndf6 12. c5 Qe7 13. Ne5 g5 14. f3 Nxd2 15. Qxd2 Nh5 16. b4 f4 17. Qe1 a5 18. e3 axb4 19. exf4 Ra4 20. fxg5 Qxg5 21. f4 Qh6 22. Qd1 Ra3 23. Qb1 Ra5 24. Qxb4 Rb5 25. Qc3 Ng7 26. a4 1-0

[Event "GRE-ch U16"]
[Site "Peristeri"]
[Date "2023.07.06"]
[Round "5"]
[White "Koutras, Konstantinos"]
[Black "Papaoulakis, Isidoros"]
[Result "1/2-1/2"]
[WhiteElo "1692"]
[BlackElo "1872"]
[PlyCount "192"]
[EventDate "2023.07.03"]
[EventType "swiss"]
[EventRounds "9"]
[EventCountry "GRE"]
[SourceTitle "EXT 2024"]
[Source "ChessBase"]
[SourceDate "2023.10.10"]
[SourceVersion "1"]
[SourceVersionDate "2023.10.10"]
[SourceQuality "1"]

1. e4 c6 2. c4 d5 3. exd5 cxd5 4. cxd5 Nf6 5. Nc3 Nxd5 6. Nf3 e6 7. d4 Nxc3 8. bxc3 Qc7 9. Bd2 Nd7 10. Bd3 Bd6 11. 0-0 b6 12. Be4 Bb7 13. Qc2 Nf6 14. Qa4+ Nd7 15. Bxb7 Qxb7 16. c4 0-0 17. Rac1 Rac8 18. Bb4 Bxb4 19. Qxb4 Qc7 20. Qb5 Rfd8 21. Rfd1 h6 22. h3 Nb8 23. Ne5 Nc6 24. Nf3 Ne7 25. Qb4 Nf5 26. g4 Qf4 27. gxf5 Qxf3 28. fxe6 Rc6 29. Qb3 Qe4 30. d5 Rcd6 31. Qd3 Qh4 32. exf7+ Kxf7 33. Rc3 Rf6 34. Qd4 Rf4 35. Qe3 Kg8 36. Qg3 Qf6 37. Re1 Rxf2 38. Qxf2 Qxc3 39. Re7 Rf8 40. Qg2 Qd4+ 41. Kh1 Kh8 42. Re4 Qd3 43. Re7 Qd1+ 44. Kh2 Qd4 45. Kh1 Rf2 46. Re8+ Kh7 47. Qe4+ Qxe4+ 48. Rxe4 Rxa2 49. Re7 a5 50. Rb7 Rc2 51. Rxb6 Rxc4 52. Ra6 a4 53. d6 Rd4 54. d7 Rxd7 55. Rxa4 Rd2 56. Ra6 h5 57. Rb6 g6 58. Rb7+ Kh6 59. Rb5 Rf2 60. Ra5 Rf5 61. Ra2 Kg5 62. Kg2 Rf4 63. Ra5+ Kh4 64. Ra2 Rd4 65. Rb2 Rc4 66. Rd2 Ra4 67. Rc2 Rb4 68. Rd2 g5 69. Rc2 Rd4 70. Rb2 Rc4 71. Rd2 Rb4 72. Rc2 Rf4 73. Rb2 Ra4 74. Rc2 Ra3 75. Rc4+ g4 76. hxg4 Ra2+ 77. Kf3 Ra3+ 78. Kg2 hxg4 79. Rc2 Rg3+ 80. Kh2 Rf3 81. Kg2 Rd3 82. Ra2 Re3 83. Rb2 Kg5 84. Rb5+ Kf4 85. Rb4+ Re4 86. Rxe4+ Kxe4 87. Kg3 Kf5 88. Kg2 Kf4 89. Kf2 g3+ 90. Kg2 Kg4 91. Kg1 Kh3 92. Kh1 Kh4 93. Kg2 Kg4 94. Kg1 Kf3 95. Kf1 g2+ 96. Kg1 Kg3 1/2-1/2

[Event "GRE-ch U16"]
[Site "Peristeri"]
[Date "2023.07.06"]
[Round "6"]
[White "Papaoulakis, Isidoros"]
[Black "Theodorou, Panagiotis"]
[Result "1-0"]
[WhiteElo "1872"]
[BlackElo "1393"]
[PlyCount "49"]
[EventDate "2023.07.03"]
[EventType "swiss"]
[EventRounds "9"]
[EventCountry "GRE"]
[SourceTitle "EXT 2024"]
[Source "ChessBase"]
[SourceDate "2023.10.10"]
[SourceVersion "1"]
[SourceVersionDate "2023.10.10"]
[SourceQuality "1"]

1. c4 Nf6 2. Nc3 g6 3. e4 d6 4. d4 Bg7 5. Nf3 0-0 6. Be2 Bg4 7. Be3 c6 8. Nd2 Bxe2 9. Qxe2 Nbd7 10. 0-0 e5 11. d5 cxd5 12. cxd5 a6 13. b4 Rc8 14. Rac1 Nh5 15. Nb3 f5 16. exf5 Rxf5 17. Ne4 Rxc1 18. Rxc1 Bf8 19. Qc2 Ng7 20. Qc7 Qh4 21. Nxd6 Rh5 22. Qxd7 Qxh2+ 23. Kf1 Qh1+ 24. Ke2 Qxg2 25. Qf7+ 1-0

[Event "GRE-ch U20"]
[Site "Trikala"]
[Date "2023.04.23"]
[Round "8"]
[White "Papaoulakis, Isidoros"]
[Black "Tagkaloglou, Savvas Stefanos"]
[Result "1/2-1/2"]
[WhiteElo "1840"]
[BlackElo "1725"]
[PlyCount "101"]
[EventDate "2023.04.18"]
[EventType "swiss"]
[EventRounds "9"]
[EventCountry "GRE"]
[SourceTitle "EXT 2024"]
[Source "ChessBase"]
[SourceDate "2023.10.10"]
[SourceVersion "1"]
[SourceVersionDate "2023.10.10"]
[SourceQuality "1"]

1. d4 Nf6 2. c4 g6 3. Nc3 d5 4. Nf3 Bg7 5. h4 0-0 6. cxd5 Nxd5 7. h5 Nxc3 8. bxc3 c5 9. hxg6 hxg6 10. Bh6 Bxh6 11. Rxh6 Kg7 12. Rh4 Rh8 13. Rxh8 Kxh8 14. dxc5 Qxd1+ 15. Rxd1 Na6 16. c6 bxc6 17. Ne5 Be6 18. Nxc6 Rc8 19. Rd8+ Rxd8 20. Nxd8 Bxa2 21. Nc6 Nc5 22. Nxa7 Kg7 23. e3 Bd5 24. f3 f5 25. Kd2 Kf6 26. c4 Bb7 27. Kc3 Ke6 28. Kb4 Kd6 29. Kb5 Nd7 30. Kb4 Nc5 31. Nb5+ Kc6 32. Nd4+ Kd6 33. Kb5 e5 34. Nc2 g5 35. Be2 g4 36. fxg4 fxg4 37. Bxg4 Bxg2 38. Be2 Bc6+ 39. Kb4 Be4 40. Na3 Kc6 41. Nb5 Bh1 42. Bh5 Nd3+ 43. Kc3 Nf2 44. Kb3 Kc5 45. Nc3 Bc6 46. Na2 Ne4 47. Nc1 Nd2+ 48. Kc3 Nxc4 49. Nd3+ Kb5 50. Be2 Nxe3 51. Nxe5+ 1/2-1/2

[Event "GRE-ch U16"]
[Site "Thessaloniki"]
[Date "2022.08.23"]
[Round "8"]
[White "Georgiadis, Athanasios Kat"]
[Black "Papaoulakis, Isidoros"]
[Result "0-1"]
[WhiteElo "1694"]
[BlackElo "1791"]
[PlyCount "64"]
[EventDate "2022.08.18"]
[EventType "swiss"]
[EventRounds "9"]
[EventCountry "GRE"]
[SourceTitle "EXT 2023"]
[Source "ChessBase"]
[SourceDate "2022.10.05"]
[SourceVersion "1"]
[SourceVersionDate "2022.10.05"]
[SourceQuality "1"]

1. e4 c6 2. d4 d5 3. e5 Bf5 4. h4 h5 5. Bd3 Bxd3 6. Qxd3 Qa5+ 7. Nd2 e6 8. Ngf3 Nh6 9. 0-0 Nf5 10. c4 Be7 11. g3 0-0 12. b3 Rd8 13. Bb2 c5 14. Rfd1 Nc6 15. cxd5 Rxd5 16. Nc4 Qa6 17. Ne3 Qxd3 18. Rxd3 Nxe3 19. fxe3 cxd4 20. exd4 Rad8 21. Re3 Bb4 22. Rd1 Ba5 23. Kg2 Bc7 24. Rf1 Ne7 25. Re4 Bb6 26. Kh3 Nf5 27. Rd1 Rc8 28. Rd2 Nh6 29. Ree2 a6 30. Rc2 Rxc2 31. Rxc2 Nf5 32. g4 hxg4+ 0-1

[Event "GRE-chT 49th"]
[Site "Thessaloniki"]
[Date "2022.08.15"]
[Round "5.9"]
[White "Papaoulakis, Isidoros"]
[Black "Stoimenidis, Dimitrios"]
[Result "1/2-1/2"]
[WhiteElo "1791"]
[BlackElo "1967"]
[PlyCount "147"]
[EventDate "2022.08.12"]
[EventType "team-swiss"]
[EventRounds "7"]
[EventCountry "GRE"]
[SourceTitle "CBM 209 Extra"]
[Source "ChessBase"]
[SourceDate "2022.09.30"]
[SourceVersion "1"]
[SourceVersionDate "2022.09.30"]
[SourceQuality "1"]
[WhiteTeam "Zeenon Glyfathas"]
[BlackTeam "Thessaloniki Aris"]
[WhiteTeamCountry "GRE"]
[BlackTeamCountry "GRE"]

1. d4 Nf6 2. c4 e6 3. Nc3 Bb4 4. Qc2 Nc6 5. Nf3 d6 6. Bd2 e5 7. a3 Bxc3 8. Bxc3 Qe7 9. dxe5 dxe5 10. e3 a5 11. Be2 0-0 12. 0-0 a4 13. Nd2 g6 14. Bf3 Bf5 15. Ne4 Kg7 16. g3 Qe6 17. Bd2 Rfd8 18. Rfd1 g5 19. Rac1 Kh6 20. Bg2 Rd7 21. f3 Rad8 22. Bc3 Qxc4 23. Rxd7 Rxd7 24. Qb1 Bxe4 25. fxe4 Qc5 26. Bd4 Qd6 27. Bc3 Qd3 28. Qxd3 Rxd3 29. h3 Rxe3 30. Rd1 Nxe4 31. Bxe4 Rxe4 32. Rd7 Nd4 33. Rxc7 Ne2+ 34. Kf2 Nxc3 35. bxc3 f6 36. Rxb7 Rc4 37. Rb4 Rxc3 38. Rxa4 Kg6 39. Ra8 Kf5 40. Ra4 Rc2+ 41. Kf3 Rc3+ 42. Kg2 e4 43. Ra5+ Ke6 44. g4 Rd3 45. Kh2 Rf3 46. Kg2 Rf4 47. Ra8 Kd5 48. a4 Rf3 49. a5 Ra3 50. a6 Ke5 51. Re8+ Kf4 52. Re6 Ra2+ 53. Kf1 Ke3 54. Rxf6 Ra1+ 55. Kg2 Kd3 56. Rd6+ Ke2 57. Rh6 e3 58. Rxh7 Rxa6 59. h4 gxh4 60. Rxh4 Kd2 61. Rh8 Rd6 62. Re8 e2 63. Kf2 Rf6+ 64. Kg3 e1Q+ 65. Rxe1 Kxe1 66. g5 Ra6 67. Kg4 Kf2 68. Kh5 Ke3 69. g6 Kf4 70. g7 Ra8 71. Kg6 Ke5 72. Kh7 Kf6 73. g8Q Rxg8 74. Kxg8 1/2-1/2

[Event "Ambelokipi op 177th"]
[Site "Athens"]
[Date "2020.09.30"]
[Round "3"]
[White "Bardis, Harilaos Panagiotis"]
[Black "Papaoulakis, Isidoros"]
[Result "0-1"]
[WhiteElo "1917"]
[BlackElo "1499"]
[PlyCount "56"]
[EventDate "2020.09.16"]
[EventType "swiss"]
[EventRounds "7"]
[EventCountry "GRE"]
[SourceTitle "EXT 2024"]
[Source "ChessBase"]
[SourceDate "2023.10.10"]
[SourceVersion "1"]
[SourceVersionDate "2023.10.10"]
[SourceQuality "1"]

1. d4 d5 2. Nf3 Nf6 3. g3 e6 4. Bg2 Nbd7 5. 0-0 c6 6. b3 Bd6 7. c4 b6 8. Qc2 0-0 9. Nbd2 Bb7 10. Bb2 Rc8 11. e4 Nxe4 12. Nxe4 dxe4 13. Qxe4 Nf6 14. Qc2 Qe7 15. c5 bxc5 16. dxc5 Bxc5 17. Ng5 e5 18. Rfe1 Bd6 19. f4 h6 20. fxe5 hxg5 21. exf6 Qd7 22. fxg7 Rfe8 23. Be4 Rxe4 24. Qxe4 Bc5+ 25. Kg2 Bd4 26. Bxd4 c5 27. Bf6 Bxe4+ 28. Rxe4 Qc6 0-1

[Event "GRE-chT U16"]
[Site "Thessaloniki"]
[Date "2019.11.28"]
[Round "1.3"]
[White "Tsarsitalidis, Christos"]
[Black "Papaoulakis, Isidoros"]
[Result "1/2-1/2"]
[WhiteElo "1738"]
[BlackElo "1418"]
[PlyCount "105"]
[EventDate "2019.11.28"]
[EventType "team-swiss"]
[EventRounds "6"]
[EventCountry "GRE"]
[SourceTitle "CBM 193 Extra"]
[Source "ChessBase"]
[SourceDate "2020.01.31"]
[SourceVersion "1"]
[SourceVersionDate "2020.01.31"]
[SourceQuality "1"]
[WhiteTeam "Thessaloniki ES"]
[BlackTeam "Glyfadas Zenon"]
[WhiteTeamCountry "GRE"]
[BlackTeamCountry "GRE"]

1. e4 c5 2. Nf3 e6 3. c3 Nf6 4. e5 Nd5 5. d4 cxd4 6. cxd4 b6 7. Bc4 Bb7 8. 0-0 Qc7 9. Qe2 d6 10. Rd1 Nd7 11. Na3 a6 12. Bxd5 Bxd5 13. Bf4 dxe5 14. Rac1 Qb7 15. Nxe5 Nxe5 16. Qxe5 Rc8 17. Rxc8+ Qxc8 18. Rc1 Qd8 19. Rc7 f6 20. Qh5+ g6 21. Qe2 Bxa3 22. Qxa6 0-0 23. Qa7 Qxc7 24. Qxc7 g5 25. Bxg5 fxg5 26. bxa3 Ra8 27. Qxb6 Rxa3 28. Qd8+ Kf7 29. Qd7+ Kf6 30. Qxh7 Rxa2 31. h3 Ra1+ 32. Kh2 Ra2 33. Kg3 Ra3+ 34. f3 Ra2 35. Qh6+ Kf7 36. Qxg5 Ra8 37. Qf4+ Kg6 38. h4 Rg8 39. Kh3 Rg7 40. h5+ Kh7 41. g4 Kg8 42. h6 Rf7 43. Qg5+ Kh7 44. Kh4 Bxf3 45. Kh5 Rf5 46. Kh4 Rxg5 47. Kxg5 Bxg4 48. Kxg4 Kxh6 49. Kf4 Kg6 50. Ke5 Kf7 51. Kd6 Kf6 52. d5 exd5 53. Kxd5 1/2-1/2

[Event "GRE-ch U10"]
[Site "Achaia"]
[Date "2017.07.01"]
[Round "8"]
[White "Papaoulakis, Isidoros"]
[Black "Antonioudakis, Georgios"]
[Result "1-0"]
[WhiteElo "1138"]
[BlackElo "1102"]
[PlyCount "133"]
[EventDate "2017.06.26"]
[EventType "swiss"]
[EventRounds "9"]
[EventCountry "GRE"]
[SourceTitle "EXT 2018"]
[Source "ChessBase"]
[SourceDate "2017.10.13"]
[SourceVersion "1"]
[SourceVersionDate "2017.10.13"]
[SourceQuality "1"]

1. d4 Nf6 2. c4 c5 3. d5 b5 4. cxb5 a6 5. bxa6 Bxa6 6. Nc3 d6 7. e4 Bxf1 8. Kxf1 g6 9. Nf3 Nbd7 10. Kg1 Bg7 11. Qe2 0-0 12. h3 Qa5 13. Kh2 Rfb8 14. Bg5 Nb6 15. a3 Na4 16. Nxa4 Qxa4 17. Rab1 h6 18. Bxf6 exf6 19. Rhc1 Qe8 20. Qc2 h5 21. Nd2 Bh6 22. Rd1 Bxd2 23. Rxd2 Qe5+ 24. Kg1 Re8 25. f3 Rec8 26. Qd3 c4 27. Qd4 Qxd4+ 28. Rxd4 c3 29. bxc3 Rxc3 30. a4 Rc7 31. Rdb4 Rac8 32. Rb8 Kf8 33. Rxc8+ Rxc8 34. Rb6 Rd8 35. a5 Ke7 36. a6 Ra8 37. Rb7+ Kd8 38. a7 Kc8 39. Rxf7 f5 40. Rf8+ Kb7 41. Rxa8 Kxa8 42. exf5 gxf5 43. Kf2 Kxa7 44. Ke3 Kb6 45. g4 fxg4 46. fxg4 hxg4 47. hxg4 Kc7 48. Ke4 Kd7 49. Kf5 Ke7 50. g5 Kf7 51. g6+ Kg7 52. Ke6 Kxg6 53. Kxd6 Kf7 54. Kc7 Ke7 55. d6+ Kf6 56. d7 Kf5 57. d8Q Kf4 58. Kd6 Ke4 59. Qg5 Kf3 60. Qh4 Kg2 61. Ke5 Kg1 62. Qh3 Kf2 63. Ke4 Kg1 64. Kf4 Kf2 65. Qh2+ Kf1 66. Kf3 Ke1 67. Qe2# 1-0

[Event "GRE-ch U10"]
[Site "Achaia"]
[Date "2017.06.29"]
[Round "5"]
[White "Papaoulakis, Isidoros"]
[Black "Dristellas, Neoklis"]
[Result "1/2-1/2"]
[WhiteElo "1138"]
[BlackElo "1150"]
[PlyCount "105"]
[EventDate "2017.06.26"]
[EventType "swiss"]
[EventRounds "9"]
[EventCountry "GRE"]
[SourceTitle "EXT 2018"]
[Source "ChessBase"]
[SourceDate "2017.10.13"]
[SourceVersion "1"]
[SourceVersionDate "2017.10.13"]
[SourceQuality "1"]

1. d4 Nf6 2. c4 g6 3. Nc3 Bg7 4. Nf3 0-0 5. Bg5 h6 6. Bh4 g5 7. Bg3 d6 8. e3 Bf5 9. Bd3 Bxd3 10. Qxd3 Nbd7 11. h3 c5 12. 0-0 cxd4 13. exd4 Nb6 14. Rad1 Rc8 15. b3 Nbd7 16. Rfe1 Re8 17. Ne4 Qa5 18. Qd2 Qxd2 19. Rxd2 Rc6 20. Rde2 Kf8 21. d5 Ra6 22. Nxf6 Nxf6 23. Bh2 Nd7 24. Rd1 Rb6 25. Nd4 Nc5 26. Nf5 a5 27. Nxg7 Kxg7 28. f4 f6 29. fxg5 hxg5 30. Rde1 Kf7 31. Re3 Ra6 32. Kh1 Raa8 33. Bg1 b6 34. Rf3 Rh8 35. Bxc5 bxc5 36. Kg1 a4 37. Ref1 axb3 38. axb3 Ra3 39. Rb1 Rh4 40. Re1 Ra7 41. Rfe3 Rd4 42. Re4 Rxe4 43. Rxe4 Rb7 44. Re3 Kg6 45. g4 Kh6 46. Kg2 Ra7 47. Kg3 Kg6 48. Kf3 Rb7 49. Kg2 Ra7 50. Kf3 Kf7 51. Re2 Ra1 52. Re3 Ra3 53. Kg3 1/2-1/2

[Event "GRE-ch U10"]
[Site "Achaia"]
[Date "2017.06.27"]
[Round "2"]
[White "Despotis, Athanasios"]
[Black "Papaoulakis, Isidoros"]
[Result "1-0"]
[WhiteElo "1248"]
[BlackElo "1138"]
[PlyCount "119"]
[EventDate "2017.06.26"]
[EventType "swiss"]
[EventRounds "9"]
[EventCountry "GRE"]
[SourceTitle "EXT 2018"]
[Source "ChessBase"]
[SourceDate "2017.10.13"]
[SourceVersion "1"]
[SourceVersionDate "2017.10.13"]
[SourceQuality "1"]

1. c4 c5 2. Nc3 Nc6 3. g3 b6 4. Bg2 Bb7 5. e3 e6 6. Nge2 Nf6 7. 0-0 Be7 8. b3 0-0 9. Bb2 Qc7 10. Qc2 Nb4 11. Qb1 Bxg2 12. Kxg2 Nc6 13. Kg1 Qb7 14. d4 cxd4 15. exd4 d5 16. cxd5 Nxd5 17. Nxd5 exd5 18. Nf4 Rad8 19. a3 Bg5 20. Ne2 Rfe8 21. Qd3 Re6 22. Rfe1 Rde8 23. Bc1 Bxc1 24. Raxc1 Nxd4 25. Qxd4 Rxe2 26. Rxe2 Rxe2 27. Qxd5 Qb8 28. Qd7 Re8 29. Rc7 Rf8 30. Rxa7 h6 31. Rb7 Qa8 32. Rxb6 Rd8 33. Qg4 Re8 34. Qd1 Qxa3 35. h4 Qa7 36. Rd6 Qa8 37. b4 Qb8 38. Rd4 Kh7 39. Qb1+ Kh8 40. Rd7 f6 41. b5 Qb6 42. g4 Qe6 43. Qf5 Qxf5 44. gxf5 Rb8 45. Rd5 Kg8 46. Kf1 Kf7 47. Ke2 Ke7 48. Kd3 Rd8 49. Rxd8 Kxd8 50. Kc4 Kc7 51. Kc5 Kb7 52. b6 h5 53. f3 Kb8 54. Kc6 Kc8 55. b7+ Kb8 56. f4 g5 57. fxg6 Ka7 58. Kc7 Ka6 59. b8Q Ka5 60. g7 1-0